Las bellezas de la fe o la ventura de creer en Jesucristo y pertenecer a la verdadera iglesia: exposición del misterio de la epifanía
Kaydedildi:
| Yazar: | |
|---|---|
| Materyal Türü: | Kitap |
| Dil: | İspanyolca |
| Baskı/Yayın Bilgisi: |
Madrid
Libreria de D. Leonardo López
1860
|
| Edisyon: | 1a. ed |
| Konular: | |
| Etiketler: |
Etiketle
Etiket eklenmemiş, İlk siz ekleyin!
|
MARC
| LEADER | 00000cam a2200000 a 4500 | ||
|---|---|---|---|
| 001 | UCD0047 | ||
| 003 | CL-VaPUC | ||
| 008 | 151112e18600000sp |||||||||||||||||spa|d | ||
| 082 | 0 | 4 | |a 291.4 |b RAU |2 21 |
| 100 | 0 | |a Ráulica, Ventura de |e author |9 583039 | |
| 245 | 1 | 4 | |a Las bellezas de la fe o la ventura de creer en Jesucristo y pertenecer a la verdadera iglesia: exposición del misterio de la epifanía |
| 250 | |a 1a. ed | ||
| 300 | |a t | ||
| 942 | |c BK | ||
| 945 | |d 20151112 20:22:00 |a gsalatino | ||
| 260 | |a Madrid |b Libreria de D. Leonardo López |c 1860 | ||
| 650 | 0 | |a Espiritualidad |9 267331 | |
| 650 | 0 | |a Fe |9 308036 | |
| 650 | 0 | |a Cristianismo |9 257361 | |
| 650 | 0 | |a Iglesia Católica |9 256114 | |
| 583 | |a last modification |c 20151112 20:22:00 |k Rodrigo Vera | ||
| 999 | |c 361670 |d 361668 | ||
| 952 | |0 0 |1 0 |3 erd |4 0 |6 291_400000000000000_RAU_1860 |7 0 |8 P |9 472287 |a BIBTEO |b BIBTES |c TEO_FTES |h t.3 |i 5209439 |o 291.4 RAU 1860 |p 5209439 |r 2024-01-18 |w 2019-11-24 |y BK |z Catalogado en:20151112 |k ICR | ||